| 000 | 00654cam a2200193 4500 | ||
|---|---|---|---|
| 001 | ABS61117 | ||
| 008 | 000000n1999 000 0 eng u | ||
| 035 | _a(Sirsi) u101681 | ||
| 100 | _aLuba, J. | ||
| 245 | _aRepair round-up 1999: part . | ||
| 260 | _c1999 | ||
| 490 |
_aLegal Action _vAugust 1999, 23-27(5) |
||
| 520 | _aOverview of law cases on repairs and dilapidations in 1999 covering contracting out, unfair terms, the meaning of repair, requirement of knowledge, noise, limitation periods and damages. | ||
| 650 | _aREPAIRS | ||
| 650 |
_aDilapidations _96235 |
||
| 650 | _aDAMAGES | ||
| 690 | _aPROPERTY-LANDLORD AND TENANT | ||
| 942 | _n0 | ||
| 999 |
_c60806 _d60806 |
||